Money and credit

Na minha lista:
Detalhes bibliográficos
Autor principal: Leffler, Ray V.
Formato: Livro
Idioma:Undetermined
Publicado em: New York Harper & Brothers Publishers 1935
Assuntos:
Tags: Adicionar Tag
Sem tags, seja o primeiro a adicionar uma tag!
Thư viện lưu trữ: Trung tâm Học liệu Trường Đại học Cần Thơ
LEADER 00487nam a2200181Ia 4500
001 CTU_79276
008 210402s9999 xx 000 0 und d
082 |a 332.4 
082 |b L388 
100 |a Leffler, Ray V. 
245 0 |a Money and credit 
245 0 |c Ray V. Leffler 
260 |a New York 
260 |b Harper & Brothers Publishers 
260 |c 1935 
650 |a Credit,Money 
650 |z United States,United States 
980 |a Trung tâm Học liệu Trường Đại học Cần Thơ